000
00329nam a22001457a 4500
008
210309b ||||| |||| 00| 0 eng d
020
_a
9781118990896
041
_a
eng
080
_a
004
082
_a
004
100
_a
35
101
_a
SHKI
245
_a
OSX Yosemite all in one for Dummies
_c
Chambers,L.M
942
_2
udc
_c
BK
999
_c
56057
_d
56057